Popularity of ESA schemes (Record no. 73395)

MARC details
000 -LEADER
fixed length control field 00700cam a2200181 4500
001 - CONTROL NUMBER
control field WB3934-25
008 - FIXED-LENGTH DATA ELEMENTS--GENERAL INFORMATION
fixed length control field 030911n2003 000 0 eng u
035 ## - SYSTEM CONTROL NUMBER
System control number (Sirsi) u123571
245 ## - TITLE STATEMENT
Title Popularity of ESA schemes
260 ## - PUBLICATION, DISTRIBUTION, ETC.
Date of publication, distribution, etc. 2003
490 ## - SERIES STATEMENT
Series statement Farmers' Weekly
Volume/sequential designation 139(10) 5 September 2003, 12 (1)
520 ## - SUMMARY, ETC.
Summary, etc. Environmentally Sensitive Area (ESA) schemes are proving popular with farmers. DEFRA figures indicate a 70% increase in agreements on land containing premium habitats. Overall the amount of land covered has risento 600 000ha.
590 ## - LOCAL NOTE (RLIN)
Local note WB
650 ## - SUBJECT ADDED ENTRY--TOPICAL TERM
Topical term or geographic name entry element ENVIRONMENTALLY SENSITIVE AREAS
650 ## - SUBJECT ADDED ENTRY--TOPICAL TERM
Topical term or geographic name entry element NATURE CONSERVATION
690 ## - LOCAL SUBJECT ADDED ENTRY--TOPICAL TERM (OCLC, RLIN)
Topical term or geographic name as entry element RURAL-NATURE CONSERVATION
942 ## - ADDED ENTRY ELEMENTS (KOHA)
Suppress in OPAC 0
Holdings
Withdrawn status Lost status Source of classification or shelving scheme Damaged status Not for loan Home library Current library Shelving location Date acquired Total Checkouts Full call number Barcode Date last seen Copy number Price effective from Koha item type
    Dewey Decimal Classification     London London News article 11/09/2003   WB3934-25 123571-1001 06/08/2019 1 06/08/2019 News article